000 004720000a22001570004500
003 LK-CoMWRAF
008 230817t ||||| |||| 00| 0 eng d
040 _aLK-CoMWRAF
_dLK-CoMWRAF
_eLK-CoMWRAF
041 _aeng
082 _a310
_bBAL
245 _aReport on the workshop on women and development held as part of the conference on peoples plan for the 21st century at Bangkok
_b
260 _aMadras
_bIWID
_c1993
300 _ap.31
650 _astatistics
942 _cBK
999 _c2735
_d2735